000 00599nam a22002297a 4500
003 OSt
005 20150327082708.0
008 141210b xxu||||| |||| 00| 0 eng d
040 _aBMC
_cBMC
082 _aSv861
082 _a128.4
082 _a265.5
100 1 _99160
_aRomero, Matías
245 1 0 _aHagamos el amor
_b: (Filosofía para esposo enamorados)
_cMatías Romero
250 _a1ª ed
260 _aSan Salvador
_bLáser Print
_c2000
300 _a136 p.
_c22 cm
650 2 4 _921923
_aPoesía salvadoreña
650 2 4 _91136
_aAmor
650 2 4 _92801
_aMatrimonio
942 _2ddc
_cBK
999 _c16680
_d16680